| 000 | 00783nam a2200217 a 4500 | ||
|---|---|---|---|
| 003 | DO-SdBNP | ||
| 005 | 20211004144401.0 | ||
| 007 | ta | ||
| 008 | 210928e2017 dr abcoe |||| 001 e spa d | ||
| 020 | _a9789945089837 | ||
| 040 |
_aDO-SdBNP _bspa _cBNPHU |
||
| 082 | 4 |
_222 _bG993m |
|
| 100 | 1 |
_979586 _aGuzmán González, Daniel |
|
| 245 | 0 | 0 |
_aMi experiencia profesional en Cabo Rojo, Pedernales República Dominicana 1968- 1978 / _cDaniel Guzmán González; Victor R. García, pról. |
| 260 |
_a[Santo Domingo] : _bInés Artes Gráficas, _c2017 |
||
| 300 |
_a212 p. : _bil., mapas, fotogr., retr. ; _c21 cm. |
||
| 500 | _aIncluye datos biográficos del autor en la cubierta. | ||
| 590 | _aInventariado 2021 / MF | ||
| 700 | 1 | 2 |
_aGarcía, Victor R., _epról. _980064 |
| 942 |
_2ddc _cLBS1 |
||
| 999 |
_c50673 _d50673 |
||